000 00841nam a22002417a 4500
003 DO-SdBNP
005 20180223133518.0
008 180223b 2000 sp ||||| |||| 00| 0 spa d
020 _a8422681609
040 _aBPMSU
_bspa
_cBPMSU
100 1 _aBrezina, Thomas,
_d1963-
245 1 0 _aUn esqueleto en avión /
_cThomas Brezina; ilustraciones de Bernhard Förth ; traducción del alemán, José Antonio Santiago-Tagle.
260 _aBarcelona :
_bCírculo de Lectores,
_c2000.
300 _a124 p. :
_bil. ;
_c20 cm.
490 1 _aTodos mis monstruos
500 _aTraducción de: Das skelett im jet
700 1 2 _aFörth, Bernhard,
_eil.
700 1 2 _aSantiago-Tagle, José Antonio,
_etr.
830 0 _aTodos mis monstruos
942 _2ddc
_cBK
945 _aInventariado, 2018 /LP
956 _aLOPEREZ
_b10
_c20180223
_hBPMSU
999 _c13335
_d13335